Mô hình hệ thống hoá và mô phỏng = Mô hình hệ thống hóa và mô phỏng

Cuốn sách gồm 11 chương trình bày: Vai trò của mô hình hoá hệ thống; Khái niệm cơ bản về mô hình hoá hệ thống; Phương pháp mô phỏng; Mô phỏng hệ thống liên tục; Mô hình hoá các hệ ngẫu nhiên; Thu thập và phân tích dữ liệu đầu vào; Kie...

Descripción completa

Guardado en:
Detalles Bibliográficos
Autor principal: Nguyễn, Công Hiền
Formato: Libro
Lenguaje:Undetermined
Publicado: Hà Nội Khoa học và Kỹ thuật 2006
Materias:
Etiquetas: Agregar Etiqueta
Sin Etiquetas, Sea el primero en etiquetar este registro!
Thư viện lưu trữ: Trung tâm Học liệu Trường Đại học Cần Thơ
LEADER 01615nam a2200241Ia 4500
001 CTU_149068
008 210402s9999 xx 000 0 und d
020 |c 33000 
082 |a 003.3 
082 |b H305 
100 |a Nguyễn, Công Hiền 
245 0 |a Mô hình hệ thống hoá và mô phỏng = 
245 0 |b Mô hình hệ thống hóa và mô phỏng 
245 0 |c Nguyễn Công Hiền, Nguyễn Phạm Thục Anh 
260 |a Hà Nội 
260 |b Khoa học và Kỹ thuật 
260 |c 2006 
520 |a Cuốn sách gồm 11 chương trình bày: Vai trò của mô hình hoá hệ thống; Khái niệm cơ bản về mô hình hoá hệ thống; Phương pháp mô phỏng; Mô phỏng hệ thống liên tục; Mô hình hoá các hệ ngẫu nhiên; Thu thập và phân tích dữ liệu đầu vào; Kiểm chứng và hợp thức hoá mô hình; Xử lý và phân tích các dữ liệu đầu ra của mô phỏng; Mô phỏng các hệ thống sản xuất; Mô phỏng hệ thống hành đợi; Ứng dụng Matlab - Simlink và các phần mềm chuyên dụng trong mô phỏng. 
526 |a Mô hình hóa trong quản lý đất đai,Mô hình dự báo trong quy hoạch sử dụng đất,Mô hình không gian trong quản lý đất đai 
526 |b MT223,MTD609,MT906 
650 |a Modeling,Computer simulation 
904 |i Giang 
980 |a Trung tâm Học liệu Trường Đại học Cần Thơ